000 00272nam a2200097Ia 4500
001 1300162
005 20260420095859.0
008 260420s9999 xx 000 0 und d
245 0 _aERDEMLER 2 - ALÇAKGÖNÜLLÜ DAVRANIYORUM
_cKOLEKTİF
260 _bTİMAŞ ÇOCUK YAYINLARI
999 _c1300162
_d1300162